<?xml version="1.0" encoding="UTF-8"?><?xml-stylesheet type="text/xsl" href="static/style.xsl"?><OAI-PMH xmlns="http://www.openarchives.org/OAI/2.0/" xmlns:xsi="http://www.w3.org/2001/XMLSchema-instance" xsi:schemaLocation="http://www.openarchives.org/OAI/2.0/ http://www.openarchives.org/OAI/2.0/OAI-PMH.xsd"><responseDate>2026-04-17T02:05:05Z</responseDate><request verb="GetRecord" identifier="oai:www.recercat.cat:2072/475224" metadataPrefix="marc">https://recercat.cat/oai/request</request><GetRecord><record><header><identifier>oai:recercat.cat:2072/475224</identifier><datestamp>2025-02-25T18:44:56Z</datestamp><setSpec>com_2072_98</setSpec><setSpec>col_2072_378192</setSpec></header><metadata><record xmlns="http://www.loc.gov/MARC21/slim" xmlns:dcterms="http://purl.org/dc/terms/" xmlns:xsi="http://www.w3.org/2001/XMLSchema-instance" xmlns:doc="http://www.lyncode.com/xoai" xsi:schemaLocation="http://www.loc.gov/MARC21/slim http://www.loc.gov/standards/marcxml/schema/MARC21slim.xsd">
   <leader>00925njm 22002777a 4500</leader>
   <datafield ind2=" " ind1=" " tag="042">
      <subfield code="a">dc</subfield>
   </datafield>
   <datafield ind2=" " ind1=" " tag="720">
      <subfield code="a">Calderón-Canseco, Iván Josué</subfield>
      <subfield code="e">author</subfield>
   </datafield>
   <datafield ind2=" " ind1=" " tag="720">
      <subfield code="a">Domínguez-Fonseca, Claudia B</subfield>
      <subfield code="e">author</subfield>
   </datafield>
   <datafield ind2=" " ind1=" " tag="720">
      <subfield code="a">Cerrillo-Miranda, Militza</subfield>
      <subfield code="e">author</subfield>
   </datafield>
   <datafield ind2=" " ind1=" " tag="720">
      <subfield code="a">Pérez-Turrent, Manuel A</subfield>
      <subfield code="e">author</subfield>
   </datafield>
   <datafield ind2=" " ind1=" " tag="720">
      <subfield code="a">Fernández-Ananín, Sonia</subfield>
      <subfield code="e">author</subfield>
   </datafield>
   <datafield ind2=" " ind1=" " tag="720">
      <subfield code="a">Targarona, Eduardo M.</subfield>
      <subfield code="e">author</subfield>
   </datafield>
   <datafield ind2=" " ind1=" " tag="720">
      <subfield code="a">Balagué Ponz, M. Carmen</subfield>
      <subfield code="e">author</subfield>
   </datafield>
   <datafield ind2=" " ind1=" " tag="720">
      <subfield code="a">Universitat Autònoma de Barcelona</subfield>
      <subfield code="e">author</subfield>
   </datafield>
   <datafield ind2=" " ind1=" " tag="260">
      <subfield code="c">2023</subfield>
   </datafield>
   <datafield ind2=" " ind1=" " tag="520">
      <subfield code="a">The evolution of laparoscopic surgery in gastric cancer has advanced significantly, with benefits over open surgery initially demonstrated in early gastric cancer and later in advanced stages. This study aims to evaluate postoperative complications, surgical outcomes, and anastomosis safety by comparing laparoscopic gastrectomy and laparoscopic-assisted gastrectomy. This retrospective, observational, analytical study included patients diagnosed with gastric cancer who underwent laparoscopic gastrectomy at a university hospital from January 2006 to February 2018. Patients were initially divided into two groups based on the type of anastomosis: laparoscopic gastrectomy (intracorporeal anastomosis) and laparoscopic-assisted gastrectomy (extracorporeal anastomosis). Further secondary analysis was done with subgroups based on the type of gastrectomy and anastomosis performed. A total of 139 patients were analyzed, showing significant differences in postoperative complications between the two surgical approaches. The laparoscopic-assisted group exhibited a higher rate of complications. The laparoscopic approach (with intracorporeal anastomosis) was found to have a lower risk of complications and morbidity/mortality compared to the laparoscopic-assisted approach. Laparoscopic gastrectomy with intracorporeal anastomosis resulted in lower morbidity and mortality than laparoscopic-assisted gastrectomy. The technique of partial gastrectomy with intracorporeal anastomosis was associated with the lowest rate of postoperative complications.</subfield>
   </datafield>
   <datafield tag="653" ind2=" " ind1=" ">
      <subfield code="a">Gastric cancer</subfield>
   </datafield>
   <datafield tag="653" ind2=" " ind1=" ">
      <subfield code="a">Hand-assisted laparoscopic gastrectomy</subfield>
   </datafield>
   <datafield tag="653" ind2=" " ind1=" ">
      <subfield code="a">Laparoscopic gastrectomy</subfield>
   </datafield>
   <datafield tag="653" ind2=" " ind1=" ">
      <subfield code="a">Partial gastrectomy</subfield>
   </datafield>
   <datafield tag="653" ind2=" " ind1=" ">
      <subfield code="a">Total gastrectomy</subfield>
   </datafield>
   <datafield ind2="0" ind1="0" tag="245">
      <subfield code="a">Comparative Analysis of Laparoscopic Gastrectomy Versus Laparoscopic-Assisted Gastrectomy : Postoperative Complications</subfield>
   </datafield>
</record></metadata></record></GetRecord></OAI-PMH>